Wird geladen...
Essentials of grammar and composition
| 1. Verfasser: | |
|---|---|
| Weitere Verfasser: | , |
| Format: | Printed Book |
| Veröffentlicht: |
New Delhi
Prentice-Hall of India
1981
|
| LEADER | 00550 a2200157 4500 | ||
|---|---|---|---|
| 020 | |a 0876921861 | ||
| 082 | |a 425 LEG/E | ||
| 100 | |a Leggett,Glenn | ||
| 245 | |a Essentials of grammar and composition |c Glenn Leggett, C David Mead and William Charvat | ||
| 260 | |a New Delhi |b Prentice-Hall of India |c 1981 | ||
| 300 | |a 516p. | ||
| 700 | |a Mead,C David | ||
| 700 | |a Charvat,William | ||
| 942 | |c REF | ||
| 999 | |c 255226 |d 255226 | ||
| 952 | |0 0 |1 0 |4 0 |6 425_000000000000000_LEG_E |7 0 |9 284004 |a RUS |b RUS |c REF |d 2010-07-03 |i 1343 |l 0 |o 425 LEG/E |p RUS1343 |r 2014-02-14 |w 2014-02-14 |y REF | ||